| 000 | 01729cam a22003498a 4500 | ||
|---|---|---|---|
| 001 | 14642648 | ||
| 005 | 20070413132406.0 | ||
| 008 | 061121s2007 dcu b 100 0 eng | ||
| 010 | _a 2006038987 | ||
| 020 | _a0821368648 | ||
| 020 | _a9780821368640 | ||
| 040 |
_aDLC _cDLC _dDLC |
||
| 043 | _ad------ | ||
| 050 | 0 | 0 |
_aHG195 _b.C58 2007 |
| 082 | 0 | 0 |
_a332.1091724 _222 _bCLA |
| 100 | 1 |
_aClaessens, Stijn. _922372 |
|
| 245 | 1 | 0 |
_aFinancial Sector Development and the Millennium Development Goals / _cStijn Claessens, Erik Feijen. |
| 260 |
_aWashington, DC : _bWorld Bank, 2007 _c2007. |
||
| 300 |
_a106 p.: _bill.; _c22 cm. |
||
| 490 | 0 |
_aWorld bank working paper ; _vno. 89 _922373 |
|
| 504 | _aIncludes bibliographical references. | ||
| 505 | 0 | _a"This study was commissioned by the Netherlands Financial Sector Development Exchange (NFX) for its conference, 'Mind the Gap : Bankable Approaches to Increase Access to Finance', November 2006, Amsterdam"--P. . | |
| 650 | 0 |
_aFinancial institutions _zDeveloping countries _xCongresses. _922374 |
|
| 650 | 0 |
_aEconomic development _vCongresses. _922375 |
|
| 650 | 0 |
_aPoverty _zDeveloping countries _xPrevention _vCongresses. _922376 |
|
| 650 | 0 |
_aSocial rights _zDeveloping countries _vCongresses. _922377 |
|
| 700 | 1 |
_aFeijen, Erik. _922378 |
|
| 856 | 4 | 1 |
_3Table of contents only _uhttp://www.loc.gov/catdir/toc/ecip075/2006038987.html |
| 942 |
_2ddc _cBB |
||
| 999 |
_c14970 _d14970 |
||